LDR 00579naa#a2200181#i#450# 001 EN\\bibl\123793 005 20260602054704.2 011 ## _a2588-0209 100 ## _a20260601b2026####ek#y0engy0150####ca 102 ## _aRU 200 1# _aHISTORY AND CONTEMPORARY PROBLEMS OF THE REGULATION OF LAND RELATIONS IN THE REPUBLIC OF GUINEA _eJournal article 210 1# _aMoscow _cElectronic science _d2026 215 ## _a24 с. 608 ## _aJournal article _2local 675 ## _aЗемельное право. 349.41 _z 700 #1 _aKuruma _gUsman Kaba 700 #1 _aMaksimov _gSergey Nikolaevich 856 4# _aiacj.ru _u